[Event "Grand Swiss "]
[Date "2025.09.13"]
[White "Harikrishna, Pentala"]
[Black "Anton Guijarro, David"]
[WhiteElo "2704"]
[BlackElo "2625"]
[Round "8.8.23"]
[Result "0-1"]

1. Nf3 {[%clk 01:40:40] [%emt 00:00:19]} d5 {[%clk 01:40:00] [%emt 00:01:00]} 2.
g3 {[%clk 01:41:03] [%emt 00:00:07]} c5 {[%clk 01:39:38] [%emt 00:00:53]} 3. Bg2
{[%clk 01:41:08] [%emt 00:00:24]} Nc6 {[%clk 01:39:45] [%emt 00:00:23]} 4. d4
{[%clk 01:41:03] [%emt 00:00:36]} e6 {[%clk 01:39:07] [%emt 00:01:08]} 5. O-O
{[%clk 01:41:10] [%emt 00:00:22]} cxd4 {[%clk 01:39:18] [%emt 00:00:20]} 6. Nxd4
{[%clk 01:36:18] [%emt 00:05:22]} Bc5 {[%clk 01:39:36] [%emt 00:00:12]} 7. Nxc6
{[%clk 01:34:37] [%emt 00:02:11]} bxc6 {[%clk 01:38:51] [%emt 00:01:14]} 8. c4
{[%clk 01:34:52] [%emt 00:00:15]} Nf6 {[%clk 01:38:54] [%emt 00:00:26]} 9. Qc2
{[%clk 01:34:35] [%emt 00:00:47]} Qe7 {[%clk 01:38:12] [%emt 00:01:12]} 10. b3
{[%clk 01:28:53] [%emt 00:06:13]} O-O {[%clk 01:36:53] [%emt 00:01:50]} 11. Bb2
{[%clk 01:29:12] [%emt 00:00:11]} Bb7 {[%clk 01:31:20] [%emt 00:06:02]} 12. Nc3
{[%clk 01:28:47] [%emt 00:00:55]} e5 {[%clk 01:21:35] [%emt 00:10:16]} 13. e3
{[%clk 01:26:54] [%emt 00:02:23]} Rac8 {[%clk 01:13:01] [%emt 00:09:04]} 14. Na4
{[%clk 01:19:25] [%emt 00:07:59]} Bd6 {[%clk 01:12:09] [%emt 00:01:21]} 15. Rfd1
{[%clk 01:19:30] [%emt 00:00:24]} h5 {[%clk 01:11:20] [%emt 00:01:19]} 16. Qf5
{[%clk 01:17:21] [%emt 00:02:39]} Rcd8 {[%clk 01:08:28] [%emt 00:03:23]} 17.
Rac1 {[%clk 01:13:45] [%emt 00:04:06]} Rfe8 {[%clk 01:06:29] [%emt 00:02:29]}
18. Rc2 {[%clk 01:05:19] [%emt 00:08:56]} Bc8 {[%clk 01:01:37] [%emt 00:05:22]}
19. Qg5 {[%clk 01:05:14] [%emt 00:00:35]} Bg4 {[%clk 01:00:49] [%emt 00:01:18]}
20. f3 {[%clk 01:03:45] [%emt 00:01:59]} Bc8 {[%clk 00:58:39] [%emt 00:02:40]}
21. Rdc1 {[%clk 00:59:46] [%emt 00:04:28]} Qf8 {[%clk 00:49:10] [%emt 00:09:59]}
22. cxd5 {[%clk 00:59:40] [%emt 00:00:36]} cxd5 {[%clk 00:46:37] [%emt
00:03:04]} 23. Nc5 {[%clk 00:44:22] [%emt 00:15:48]} Be7 {[%clk 00:37:34] [%emt
00:09:33]} 24. Bxe5 {[%clk 00:43:19] [%emt 00:01:33]} Nd7 {[%clk 00:35:59] [%emt
00:02:04]} 25. Qxg7+ {[%clk 00:43:18] [%emt 00:00:32]} Qxg7 {[%clk 00:36:25]
[%emt 00:00:04]} 26. Bxg7 {[%clk 00:43:39] [%emt 00:00:09]} Kxg7 {[%clk
00:36:09] [%emt 00:00:46]} 27. Nd3 {[%clk 00:42:08] [%emt 00:02:01]} Nf6 {[%clk
00:32:45] [%emt 00:03:55]} 28. Kf2 {[%clk 00:40:21] [%emt 00:02:17]} Bf5 {[%clk
00:30:22] [%emt 00:02:53]} 29. Bf1 {[%clk 00:40:43] [%emt 00:00:08]} Rd6 {[%clk
00:25:13] [%emt 00:05:39]} 30. Rb2 {[%clk 00:33:56] [%emt 00:07:16]} Re6 {[%clk
00:20:06] [%emt 00:05:38]} 31. Re1 {[%clk 00:31:48] [%emt 00:02:38]} Bxd3 {[%clk
00:19:56] [%emt 00:00:40]} 32. Bxd3 {[%clk 00:32:12] [%emt 00:00:06]} Bb4 {[%clk
00:20:16] [%emt 00:00:10]} 0-1

[Site "Europe Echecs"]

[Event "Grand Swiss "]
[Date "2025.09.13"]
[White "Sjugirov, Sanan"]
[Black "Robson, Ray"]
[WhiteElo "2627"]
[BlackElo "2674"]
[Round "8.8.24"]
[Result "1/2-1/2"]

1. Nf3 {[%clk 01:40:55] [%emt 00:00:05]} d5 {[%clk 01:40:37] [%emt 00:00:24]} 2.
g3 {[%clk 01:41:15] [%emt 00:00:09]} c5 {[%clk 01:39:51] [%emt 00:01:16]} 3. Bg2
{[%clk 01:41:20] [%emt 00:00:25]} Nf6 {[%clk 01:39:10] [%emt 00:01:10]} 4. O-O
{[%clk 01:41:19] [%emt 00:00:32]} Nc6 {[%clk 01:38:12] [%emt 00:01:28]} 5. d4
{[%clk 01:41:25] [%emt 00:00:25]} cxd4 {[%clk 01:38:21] [%emt 00:00:21]} 6. Nxd4
{[%clk 01:41:31] [%emt 00:00:24]} e5 {[%clk 01:38:30] [%emt 00:00:20]} 7. Nxc6
{[%clk 01:40:02] [%emt 00:02:00]} bxc6 {[%clk 01:38:50] [%emt 00:00:10]} 8. c4
{[%clk 01:39:55] [%emt 00:00:37]} Rb8 {[%clk 01:38:34] [%emt 00:00:46]} 9. Qa4
{[%clk 01:39:25] [%emt 00:01:01]} Qd7 {[%clk 01:37:14] [%emt 00:01:50]} 10. a3
{[%clk 01:39:29] [%emt 00:00:26]} Bc5 {[%clk 01:36:56] [%emt 00:00:47]} 11. e3
{[%clk 01:38:46] [%emt 00:01:13]} O-O {[%clk 01:36:04] [%emt 00:01:21]} 12. b4
{[%clk 01:38:34] [%emt 00:00:44]} Bd6 {[%clk 01:26:12] [%emt 00:10:22]} 13. Nc3
{[%clk 01:01:09] [%emt 00:37:55]} e4 {[%clk 01:22:08] [%emt 00:04:33]} 14. Bb2
{[%clk 00:58:38] [%emt 00:03:01]} Be5 {[%clk 01:20:32] [%emt 00:02:06]} 15. Rab1
{[%clk 00:55:26] [%emt 00:03:42]} dxc4 {[%clk 01:03:40] [%emt 00:17:23]} 16.
Nxe4 {[%clk 00:47:44] [%emt 00:08:12]} Bxb2 {[%clk 01:03:18] [%emt 00:00:52]}
17. Rxb2 {[%clk 00:47:41] [%emt 00:00:34]} Nxe4 {[%clk 01:02:15] [%emt
00:01:32]} 18. Bxe4 {[%clk 00:48:05] [%emt 00:00:06]} c5 {[%clk 00:58:18] [%emt
00:04:26]} 19. Qc2 {[%clk 00:47:59] [%emt 00:00:37]} cxb4 {[%clk 00:40:20] [%emt
00:18:30]} 20. axb4 {[%clk 00:40:55] [%emt 00:07:33]} h6 {[%clk 00:37:13] [%emt
00:03:36]} 21. Qxc4 {[%clk 00:37:44] [%emt 00:03:42]} Bb7 {[%clk 00:36:30] [%emt
00:01:12]} 22. Bxb7 {[%clk 00:31:05] [%emt 00:07:09]} Rxb7 {[%clk 00:33:19]
[%emt 00:03:42]} 23. Ra1 {[%clk 00:30:02] [%emt 00:01:33]} Rfb8 {[%clk 00:32:12]
[%emt 00:01:36]} 24. Qc3 {[%clk 00:08:38] [%emt 00:21:55]} Qe7 {[%clk 00:23:15]
[%emt 00:09:27]} 25. Ra4 {[%clk 00:07:18] [%emt 00:01:50]} Qe4 {[%clk 00:20:13]
[%emt 00:03:32]} 26. Qc2 {[%clk 00:06:19] [%emt 00:01:29]} Qf3 {[%clk 00:14:43]
[%emt 00:05:59]} 27. Qe2 {[%clk 00:05:46] [%emt 00:01:03]} Qe4 {[%clk 00:10:48]
[%emt 00:04:26]} 28. Qc2 {[%clk 00:06:11] [%emt 00:00:05]} Qf3 {[%clk 00:11:10]
[%emt 00:00:08]} 29. Qe2 {[%clk 00:06:25] [%emt 00:00:15]} Qe4 {[%clk 00:11:27]
[%emt 00:00:13]} 30. Qd2 {[%clk 00:06:09] [%emt 00:00:47]} Qg4 {[%clk 00:09:56]
[%emt 00:02:01]} 31. Qd4 {[%clk 00:03:46] [%emt 00:02:53]} Qf3 {[%clk 00:07:54]
[%emt 00:02:31]} 32. Rb1 {[%clk 00:03:36] [%emt 00:00:40]} Qf5 {[%clk 00:06:35]
[%emt 00:01:49]} 33. Rd1 {[%clk 00:03:15] [%emt 00:00:51]} Qc2 {[%clk 00:05:40]
[%emt 00:01:25]} 34. Rda1 {[%clk 00:03:07] [%emt 00:00:38]} Qb3 {[%clk 00:03:16]
[%emt 00:02:55]} 35. Rxa7 {[%clk 00:02:09] [%emt 00:01:28]} Rxb4 {[%clk
00:03:34] [%emt 00:00:11]} 36. Qe5 {[%clk 00:01:52] [%emt 00:00:47]} Qd3 {[%clk
00:01:03] [%emt 00:03:01]} 37. Kg2 {[%clk 00:00:46] [%emt 00:01:36]} Rb1 {[%clk
00:00:46] [%emt 00:00:47]} 38. Rxb1 {[%clk 00:01:09] [%emt 00:00:08]} Rxb1
{[%clk 00:00:40] [%emt 00:00:36]} 39. Qe8+ {[%clk 00:00:37] [%emt 00:01:02]} Kh7
{[%clk 00:01:08] [%emt 00:00:01]} 40. Qxf7 {[%clk 00:00:41] [%emt 00:00:26]}
Qf1+ {[%clk 00:01:16] [%emt 00:00:22]} 41. Kf3 {[%clk 00:01:07] [%emt 00:00:04]}
Qd1+ {[%clk 00:50:30] [%emt 00:01:16]} 42. Kf4 {[%clk 00:35:45] [%emt 00:15:52]}
Rb4+ {[%clk 00:49:30] [%emt 00:01:30]} 43. e4 {[%clk 00:32:34] [%emt 00:03:40]}
Qd6+ {[%clk 00:44:01] [%emt 00:05:59]} 44. Kg4 {[%clk 00:28:35] [%emt 00:04:29]}
Rxe4+ {[%clk 00:42:08] [%emt 00:02:24]} 45. Kf3 {[%clk 00:27:44] [%emt
00:01:21]} Qd3+ {[%clk 00:42:10] [%emt 00:00:28]} 46. Kg2 {[%clk 00:28:08] [%emt
00:00:05]} Rg4 {[%clk 00:42:26] [%emt 00:00:14]} 47. h4 {[%clk 00:20:47] [%emt
00:07:51]} Qe4+ {[%clk 00:24:44] [%emt 00:18:12]} 48. Kh3 {[%clk 00:20:34] [%emt
00:00:43]} Rg6 {[%clk 00:22:08] [%emt 00:03:06]} 49. Kh2 {[%clk 00:20:59] [%emt
00:00:06]} Qe6 {[%clk 00:20:04] [%emt 00:02:34]} 50. Qf8 {[%clk 00:20:33] [%emt
00:00:55]} Qg8 {[%clk 00:19:47] [%emt 00:00:47]} 51. Qf5 {[%clk 00:19:47] [%emt
00:01:16]} Qe6 {[%clk 00:19:23] [%emt 00:00:55]} 52. Qf8 {[%clk 00:19:25] [%emt
00:00:52]} Qg8 {[%clk 00:19:38] [%emt 00:00:15]} 53. Qf3 {[%clk 00:19:22] [%emt
00:00:32]} Rd6 {[%clk 00:09:12] [%emt 00:10:57]} 54. Re7 {[%clk 00:13:51] [%emt
00:06:01]} Rd8 {[%clk 00:08:13] [%emt 00:01:29]} 55. Qe4+ {[%clk 00:13:15] [%emt
00:01:06]} Kh8 {[%clk 00:08:41] [%emt 00:00:02]} 56. Qe5 {[%clk 00:12:30] [%emt
00:01:16]} Qf8 {[%clk 00:06:40] [%emt 00:02:30]} 57. Kg2 {[%clk 00:12:33] [%emt
00:00:26]} Rd5 {[%clk 00:06:14] [%emt 00:00:56]} 58. Qe6 {[%clk 00:12:11] [%emt
00:00:52]} Rd8 {[%clk 00:06:41] [%emt 00:00:04]} 59. Qe5 {[%clk 00:07:39] [%emt
00:05:02]} Rd5 {[%clk 00:06:45] [%emt 00:00:26]} 60. Qe3 {[%clk 00:07:43] [%emt
00:00:26]} Rd8 {[%clk 00:06:34] [%emt 00:00:41]} 61. Qe4 {[%clk 00:07:02] [%emt
00:01:10]} Qf6 {[%clk 00:04:09] [%emt 00:02:56]} 62. Re8+ {[%clk 00:03:34] [%emt
00:03:59]} Rxe8 {[%clk 00:04:23] [%emt 00:00:15]} 63. Qxe8+ {[%clk 00:04:02]
[%emt 00:00:02]} Kh7 {[%clk 00:04:45] [%emt 00:00:07]} 64. Qe4+ {[%clk 00:04:28]
[%emt 00:00:04]} Kh8 {[%clk 00:04:54] [%emt 00:00:21]} 65. f3 {[%clk 00:04:33]
[%emt 00:00:25]} Qf7 {[%clk 00:02:08] [%emt 00:03:16]} 66. Kh3 {[%clk 00:02:41]
[%emt 00:02:23]} h5 {[%clk 00:02:12] [%emt 00:00:26]} 67. Qd3 {[%clk 00:14:06]
[%emt 00:04:05]} g6 {[%clk 00:16:11] [%emt 00:01:30]} 68. Qe3 {[%clk 00:13:43]
[%emt 00:00:53]} Kh7 {[%clk 00:16:06] [%emt 00:00:35]} 69. g4 {[%clk 00:14:09]
[%emt 00:00:05]} hxg4+ {[%clk 00:15:41] [%emt 00:00:54]} 70. fxg4 {[%clk
00:14:35] [%emt 00:00:05]} Qd7 {[%clk 00:14:27] [%emt 00:01:44]} 71. Qe4 {[%clk
00:14:47] [%emt 00:00:17]} Kg7 {[%clk 00:14:33] [%emt 00:00:24]} 72. Qe5+ {[%clk
00:15:12] [%emt 00:00:06]} Kh7 {[%clk 00:14:38] [%emt 00:00:25]} 73. h5 {[%clk
00:14:39] [%emt 00:01:03]} gxh5 {[%clk 00:14:43] [%emt 00:00:25]} 74. Qxh5+
{[%clk 00:15:05] [%emt 00:00:04]} Kg7 {[%clk 00:14:52] [%emt 00:00:21]} 75. Kh4
{[%clk 00:15:31] [%emt 00:00:05]} Qd1 {[%clk 00:13:40] [%emt 00:01:41]} 76. Qg5+
{[%clk 00:15:53] [%emt 00:00:09]} Kf7 {[%clk 00:14:01] [%emt 00:00:09]} 77. Qf5+
{[%clk 00:16:18] [%emt 00:00:04]} Kg7 {[%clk 00:14:23] [%emt 00:00:07]} 78. Qe5+
{[%clk 00:16:45] [%emt 00:00:04]} Kf7 {[%clk 00:13:32] [%emt 00:01:21]} 79. Qf5+
{[%emt 00:00:17]} 1/2-1/2

[Site "Europe Echecs"]

[Event "Grand Swiss "]
[Date "2025.09.13"]
[White "Murzin, Volodar"]
[Black "Mendonca, Leon Luke"]
[WhiteElo "2670"]
[BlackElo "2615"]
[Round "8.8.25"]
[Result "1/2-1/2"]

1. Nf3 {[%clk 01:40:54] [%emt 00:00:05]} Nf6 {[%clk 01:38:28] [%emt 00:02:32]}
2. g3 {[%clk 01:41:18] [%emt 00:00:07]} b5 {[%clk 01:35:57] [%emt 00:03:01]} 3.
Bg2 {[%clk 01:41:13] [%emt 00:00:34]} Bb7 {[%clk 01:36:19] [%emt 00:00:08]} 4.
O-O {[%clk 01:41:16] [%emt 00:00:27]} e6 {[%clk 01:36:36] [%emt 00:00:15]} 5. d3
{[%clk 01:31:51] [%emt 00:09:54]} c5 {[%clk 01:36:36] [%emt 00:00:30]} 6. e4
{[%clk 01:31:56] [%emt 00:00:26]} d6 {[%clk 01:36:59] [%emt 00:00:07]} 7. c3
{[%clk 01:24:35] [%emt 00:07:51]} Be7 {[%clk 01:30:50] [%emt 00:06:39]} 8. a4
{[%clk 01:21:58] [%emt 00:03:06]} b4 {[%clk 01:28:21] [%emt 00:02:59]} 9. cxb4
{[%clk 01:07:28] [%emt 00:15:01]} cxb4 {[%clk 01:28:44] [%emt 00:00:07]} 10. Re1
{[%clk 01:07:55] [%emt 00:00:03]} O-O {[%clk 01:28:22] [%emt 00:00:51]} 11. Nbd2
{[%clk 01:08:09] [%emt 00:00:17]} Nc6 {[%clk 01:21:11] [%emt 00:07:41]} 12. b3
{[%clk 00:59:00] [%emt 00:09:39]} Rc8 {[%clk 01:16:58] [%emt 00:04:43]} 13. Bb2
{[%clk 00:58:27] [%emt 00:01:03]} Na5 {[%clk 01:16:57] [%emt 00:00:31]} 14. Rb1
{[%clk 00:44:00] [%emt 00:14:57]} Ba6 {[%clk 01:11:07] [%emt 00:06:20]} 15. Bf1
{[%clk 00:42:22] [%emt 00:02:07]} Nd7 {[%clk 01:04:50] [%emt 00:06:46]} 16. d4
{[%clk 00:37:51] [%emt 00:05:01]} Qb6 {[%clk 01:04:41] [%emt 00:00:39]} 17. Bxa6
{[%clk 00:25:28] [%emt 00:12:53]} Qxa6 {[%clk 01:03:55] [%emt 00:01:16]} 18. Nf1
{[%clk 00:25:40] [%emt 00:00:18]} Nf6 {[%clk 00:58:25] [%emt 00:06:01]} 19. N3d2
{[%clk 00:24:16] [%emt 00:01:53]} Qd3 {[%clk 00:52:37] [%emt 00:06:18]} 20. f3
{[%clk 00:18:03] [%emt 00:06:43]} d5 {[%clk 00:51:13] [%emt 00:01:55]} 21. e5
{[%clk 00:11:39] [%emt 00:06:54]} Nd7 {[%clk 00:51:27] [%emt 00:00:16]} 22. f4
{[%clk 00:11:37] [%emt 00:00:32]} g5 {[%clk 00:32:37] [%emt 00:19:20]} 23. Re3
{[%clk 00:09:59] [%emt 00:02:07]} Qg6 {[%clk 00:32:18] [%emt 00:00:50]} 24. Kh1
{[%clk 00:09:47] [%emt 00:00:43]} Kh8 {[%clk 00:31:30] [%emt 00:01:18]} 25. Rf3
{[%clk 00:08:52] [%emt 00:01:25]} gxf4 {[%clk 00:17:19] [%emt 00:14:41]} 26.
gxf4 {[%clk 00:09:19] [%emt 00:00:02]} Rg8 {[%clk 00:17:46] [%emt 00:00:04]} 27.
Ne3 {[%clk 00:09:00] [%emt 00:00:49]} f5 {[%clk 00:15:19] [%emt 00:02:57]} 28.
Qf1 {[%clk 00:06:32] [%emt 00:02:58]} Qe8 {[%clk 00:12:52] [%emt 00:02:57]} 29.
Rh3 {[%clk 00:03:42] [%emt 00:03:19]} Nf8 {[%clk 00:13:02] [%emt 00:00:20]} 30.
Qa6 {[%clk 00:03:54] [%emt 00:00:18]} Nc6 {[%clk 00:12:37] [%emt 00:00:56]} 31.
Rf1 {[%clk 00:03:48] [%emt 00:00:36]} Ng6 {[%clk 00:12:30] [%emt 00:00:37]} 32.
Rf2 {[%clk 00:03:45] [%emt 00:00:33]} Qd7 {[%clk 00:10:35] [%emt 00:02:24]} 33.
Ndf1 {[%clk 00:03:16] [%emt 00:01:00]} Rcf8 {[%clk 00:03:39] [%emt 00:07:26]}
34. Ng3 {[%clk 00:03:29] [%emt 00:00:17]} Rf7 {[%clk 00:03:28] [%emt 00:00:41]}
35. Nh5 {[%clk 00:03:14] [%emt 00:00:44]} Qc8 {[%clk 00:02:51] [%emt 00:01:08]}
36. Qd3 {[%clk 00:03:38] [%emt 00:00:07]} Na5 {[%clk 00:02:40] [%emt 00:00:41]}
37. Rg2 {[%clk 00:01:45] [%emt 00:02:22]} Qb7 {[%clk 00:02:59] [%emt 00:00:12]}
38. Bc1 {[%clk 00:01:15] [%emt 00:01:00]} Nc6 {[%clk 00:02:45] [%emt 00:00:44]}
39. Bd2 {[%clk 00:01:05] [%emt 00:00:41]} Qb6 {[%clk 00:01:29] [%emt 00:01:46]}
40. Nc2 {[%clk 00:01:17] [%emt 00:00:17]} a5 {[%clk 00:00:35] [%emt 00:01:25]}
41. Be3 {[%clk 00:41:30] [%emt 00:10:16]} Nh4 {[%clk 00:35:23] [%emt 00:15:41]}
42. Rgg3 {[%clk 00:26:22] [%emt 00:15:38]} Nb8 {[%clk 00:24:27] [%emt 00:11:27]}
43. Bf2 {[%clk 00:25:23] [%emt 00:01:28]} Ng6 {[%clk 00:19:58] [%emt 00:05:00]}
44. Qd1 {[%clk 00:17:44] [%emt 00:08:09]} Qa6 {[%clk 00:19:36] [%emt 00:00:52]}
45. Kg1 {[%clk 00:16:58] [%emt 00:01:15]} Nd7 {[%clk 00:17:53] [%emt 00:02:14]}
46. Ne1 {[%clk 00:16:30] [%emt 00:00:57]} Qc6 {[%clk 00:16:42] [%emt 00:01:41]}
47. Rg2 {[%clk 00:13:27] [%emt 00:03:33]} Rc8 {[%clk 00:11:37] [%emt 00:05:35]}
48. Rxg6 {[%clk 00:07:32] [%emt 00:06:24]} hxg6 {[%clk 00:12:02] [%emt
00:00:05]} 49. Nf6+ {[%clk 00:07:59] [%emt 00:00:03]} Kg7 {[%clk 00:12:27] [%emt
00:00:04]} 50. Rh7+ {[%clk 00:08:26] [%emt 00:00:04]} Kf8 {[%clk 00:12:55] [%emt
00:00:03]} 51. Rh8+ {[%clk 00:08:49] [%emt 00:00:06]} Kg7 {[%clk 00:13:22] [%emt
00:00:04]} 52. Rh7+ {[%clk 00:09:15] [%emt 00:00:04]} 1/2-1/2

[Site "Europe Echecs"]

[Event "Grand Swiss "]
[Date "2025.09.13"]
[White "Hakobyan, Aram"]
[Black "Shankland, Sam"]
[WhiteElo "2625"]
[BlackElo "2670"]
[Round "8.8.26"]
[Result "1-0"]

1. d4 {[%clk 01:40:03] [%emt 00:00:55]} Nf6 {[%clk 01:40:48] [%emt 00:00:13]} 2.
c4 {[%clk 01:40:16] [%emt 00:00:13]} g6 {[%clk 01:41:15] [%emt 00:00:08]} 3. Nc3
{[%clk 01:40:29] [%emt 00:00:16]} Bg7 {[%clk 01:41:41] [%emt 00:00:05]} 4. Nf3
{[%clk 01:40:39] [%emt 00:00:19]} O-O {[%clk 01:41:59] [%emt 00:00:13]} 5. Bg5
{[%clk 01:40:58] [%emt 00:00:11]} c5 {[%clk 01:41:59] [%emt 00:00:30]} 6. d5
{[%clk 01:41:11] [%emt 00:00:16]} b5 {[%clk 01:42:20] [%emt 00:00:09]} 7. cxb5
{[%clk 01:41:17] [%emt 00:00:24]} a6 {[%clk 01:42:48] [%emt 00:00:03]} 8. a4
{[%clk 01:41:10] [%emt 00:00:37]} Qa5 {[%clk 01:42:44] [%emt 00:00:34]} 9. Nd2
{[%clk 01:41:07] [%emt 00:00:33]} axb5 {[%clk 01:42:59] [%emt 00:00:15]} 10. e4
{[%clk 01:41:26] [%emt 00:00:11]} b4 {[%clk 01:43:26] [%emt 00:00:03]} 11. Nb5
{[%clk 01:41:24] [%emt 00:00:32]} d6 {[%clk 01:43:46] [%emt 00:00:10]} 12. Bd3
{[%clk 01:38:41] [%emt 00:03:13]} Na6 {[%clk 01:42:09] [%emt 00:02:07]} 13. O-O
{[%clk 01:37:46] [%emt 00:01:25]} Qd8 {[%clk 01:41:20] [%emt 00:01:19]} 14. Nc4
{[%clk 01:34:59] [%emt 00:03:17]} Nc7 {[%clk 01:39:08] [%emt 00:02:41]} 15. Re1
{[%clk 01:16:14] [%emt 00:19:15]} Ba6 {[%clk 01:32:32] [%emt 00:07:07]} 16. Nxc7
{[%clk 01:04:14] [%emt 00:12:30]} Qxc7 {[%clk 01:32:58] [%emt 00:00:04]} 17. Rc1
{[%clk 00:56:47] [%emt 00:07:57]} b3 {[%clk 01:24:21] [%emt 00:09:07]} 18. Qxb3
{[%clk 00:48:59] [%emt 00:08:17]} Rfb8 {[%clk 01:24:25] [%emt 00:00:26]} 19. Qc2
{[%clk 00:47:34] [%emt 00:01:55]} Qb7 {[%clk 01:22:24] [%emt 00:02:31]} 20. Rb1
{[%clk 00:35:13] [%emt 00:12:51]} Qb3 {[%clk 01:19:21] [%emt 00:03:33]} 21. Qxb3
{[%clk 00:34:55] [%emt 00:00:49]} Rxb3 {[%clk 01:19:46] [%emt 00:00:05]} 22. Bf1
{[%clk 00:35:20] [%emt 00:00:04]} h6 {[%clk 01:16:31] [%emt 00:03:45]} 23. Bd2
{[%clk 00:34:08] [%emt 00:01:42]} Ng4 {[%clk 01:11:16] [%emt 00:05:46]} 24. h3
{[%clk 00:24:45] [%emt 00:09:53]} Ne5 {[%clk 01:11:36] [%emt 00:00:10]} 25. Na5
{[%clk 00:24:58] [%emt 00:00:16]} Rxh3 {[%clk 01:00:42] [%emt 00:11:24]} 26. Nc6
{[%clk 00:13:06] [%emt 00:12:23]} Rb3 {[%clk 00:53:15] [%emt 00:07:57]} 27.
Nxe7+ {[%clk 00:11:43] [%emt 00:01:53]} Kf8 {[%clk 00:52:21] [%emt 00:01:23]}
28. Nc6 {[%clk 00:12:12] [%emt 00:00:01]} Bxf1 {[%clk 00:51:38] [%emt 00:01:13]}
29. Nxe5 {[%clk 00:10:05] [%emt 00:02:37]} Bxg2 {[%clk 00:47:54] [%emt
00:04:14]} 30. Nd7+ {[%clk 00:08:24] [%emt 00:02:10]} Ke7 {[%clk 00:42:33] [%emt
00:05:53]} 31. Nxc5 {[%clk 00:08:51] [%emt 00:00:02]} dxc5 {[%clk 00:42:15]
[%emt 00:00:49]} 32. Kxg2 {[%clk 00:09:20] [%emt 00:00:01]} Rxa4 {[%clk
00:41:26] [%emt 00:01:19]} 33. Ra1 {[%clk 00:08:48] [%emt 00:01:02]} Rxa1 {[%clk
00:40:05] [%emt 00:01:51]} 34. Rxa1 {[%clk 00:09:16] [%emt 00:00:01]} Bxb2
{[%clk 00:36:17] [%emt 00:04:18]} 35. Ra7+ {[%clk 00:09:13] [%emt 00:00:34]} Kf6
{[%clk 00:36:31] [%emt 00:00:16]} 36. Bxh6 {[%clk 00:09:18] [%emt 00:00:23]} Bd4
{[%clk 00:35:19] [%emt 00:01:42]} 37. f4 {[%clk 00:07:46] [%emt 00:02:03]} g5
{[%clk 00:35:42] [%emt 00:00:07]} 38. Bxg5+ {[%clk 00:06:41] [%emt 00:01:35]}
Kg6 {[%clk 00:36:12]} 39. Ra6+ {[%clk 00:05:42] [%emt 00:01:29]} f6 {[%clk
00:35:40] [%emt 00:01:02]} 40. Bxf6 {[%clk 00:04:41] [%emt 00:01:31]} Kh5 {[%clk
00:33:43] [%emt 00:02:27]} 41. Bxd4 {[%clk 00:03:07] [%emt 00:02:04]} cxd4
{[%clk 00:34:12] [%emt 00:00:01]} 42. d6 {[%clk 00:01:49] [%emt 00:01:47]} Kg4
{[%clk 00:31:10] [%emt 00:03:32]} 43. d7 {[%clk 00:00:34] [%emt 00:01:45]} Rb2+
{[%clk 00:30:52] [%emt 00:00:48]} 44. Kf1 {[%clk 00:50:10] [%emt 00:00:54]} Rb8
{[%clk 01:21:20] [%emt 00:00:03]} 45. e5 {[%clk 00:43:28] [%emt 00:07:10]} d3
{[%clk 01:19:54] [%emt 00:01:57]} 46. Rd6 {[%clk 00:43:00] [%emt 00:00:57]} 1-0

[Site "Europe Echecs"]